Differential games

Αποθηκεύτηκε σε:
Λεπτομέρειες βιβλιογραφικής εγγραφής
Κύριος συγγραφέας: Friedman, Avner
Συγγραφή απο Οργανισμό/Αρχή: Conference Board of the Mathematical Sciences
Μορφή: Βιβλίο
Γλώσσα:English
Δημοσίευση: Providence : Published for the Conference Board of the Mathematical Sciences by the American Mathematical Society, [1974]
Σειρά:Regional conference series in mathematics ; ; 18
Θέματα:
Ετικέτες: Προσθήκη ετικέτας
Δεν υπάρχουν, Καταχωρήστε ετικέτα πρώτοι!

MARC

LEADER 00000cam a2200000 i 4500
001 1/46911
008 941103s1974 eng d
020 |a 0821816683 
035 |l 10042922 
040 |a GR-MY-UA  |b gre  |e aacr 
041 0 |a eng 
082 0 |a 519.3 
100 1 |a Friedman, Avner. 
245 1 0 |a Differential games 
260 |a Providence :   |b Published for the Conference Board of the Mathematical Sciences by the American Mathematical Society,   |c [1974] 
300 |a 66 p;  |c 26 cm 
490 1 |a Regional conference series in mathematics  |v ; 18 
500 |a "Expository lectures from the CBMS Regional Conference held at the University of Rhode Island, June 4-8, 1973." 
504 |a Bibliography: p. 62-66 
650 0 0 |a Differential games. 
710 2 |a Conference Board of the Mathematical Sciences. 
830 0 |a Regional conference series in mathematics ;  |v ; 18 
852 |a INST  |b SAMOS  |e 19941103  |h 519.3 FRI  |p 005300007460  |q 005300007460  |t BK  |y 0 
909 |a Σ  |b 033601